Deutsche Youtuber/Streamer erkennen-Bild - Statistiken

Allgemein
  • Dieses Quiz wurde 583 mal gespielt
  • Das Durchschnittsergebnis liegt bei 11 aus 16
Antwortstatistiken
Bildquiz Antwort % Korrekt
Papaplatte
98%
LetsHugo
94%
BastiGHG
92%
HandOfBlood
88%
GermanLetsPlay
85%
Stegi
77%
Zombey
75%
Wichtiger
74%
Maudado
72%
Paluten
71%
Reeze
70%
Nooreax
64%
Fabo
63%
Faister
61%
NQRMAN
40%
VeniCraft
21%
Keine übereinstimmenden Quizze gefunden
Verteilung der Resultate
Anzahl Personen mit jedem Resultat
Perzentil nach korrekt beantworteten Fragen
Ihre Resultats-Entwicklung
Sie haben dieses Quiz noch nicht gespielt